<?xml version="1.0" encoding="UTF-8"?>
<collection xmlns="http://www.loc.gov/MARC21/slim">
 <record>
  <leader>04499nam a2200373 a 4500</leader>
  <controlfield tag="001">kal5066</controlfield>
  <controlfield tag="003">Gr-AtHEAL</controlfield>
  <controlfield tag="005">20160421140704.0</controlfield>
  <controlfield tag="006">m        d        </controlfield>
  <controlfield tag="008">160413s2015    gr      s           gre|c</controlfield>
  <datafield tag="020" ind1=" " ind2=" ">
   <subfield code="a">9789606031632</subfield>
  </datafield>
  <datafield tag="040" ind1=" " ind2=" ">
   <subfield code="a">GR-AtHEAL</subfield>
   <subfield code="b">gre</subfield>
   <subfield code="c">GR-AtHEAL</subfield>
  </datafield>
  <datafield tag="082" ind1="0" ind2="4">
   <subfield code="a">332</subfield>
   <subfield code="2">23</subfield>
  </datafield>
  <datafield tag="100" ind1="1" ind2=" ">
   <subfield code="a">Φλώρου, Γιαννούλα.</subfield>
   <subfield code="8">401</subfield>
  </datafield>
  <datafield tag="245" ind1="1" ind2="0">
   <subfield code="a">Ποσοτικές μέθοδοι στα χρηματοοικονομικά</subfield>
   <subfield code="h">[Ηλεκτρονικός πόρος] </subfield>
   <subfield code="b">Τόκοι ράντες δάνεια</subfield>
   <subfield code="c">ΦΛΩΡΟΥ, ΓΙΑΝΝΟΥΛΑ ; Κριτικός αναγνώστης,ΑΝΑΣΤΑΣΙΑΔΟΥ, ΣΟΦΙΑ ; Γλωσσική επιμέλεια,ΝΙΚΑ, ΕΛΕΝΗ.</subfield>
  </datafield>
  <datafield tag="260" ind1=" " ind2=" ">
   <subfield code="a">Αθήνα :</subfield>
   <subfield code="b">Σύνδεσμος Ελληνικών Ακαδημαϊκών Βιβλιοθηκών,</subfield>
   <subfield code="c">c2015.</subfield>
  </datafield>
  <datafield tag="490" ind1=" " ind2=" ">
   <subfield code="a">Ακαδημαϊκά Ηλεκτρονικά Συγγράμματα και Βοηθήματα Κάλλιπος</subfield>
   <subfield code="8">40</subfield>
  </datafield>
  <datafield tag="505" ind1="0" ind2=" ">
   <subfield code="a">ΠρόλογοςΕισαγωγήΑπλός τόκοςΓραμμάτια συναλλαγματικέςΑνατοκισμόςΕφαρμογές ανατοκισμούΡάντεςΕφαρμογές ΡαντώνΔάνειαΟμολογιακά δάνειαΠαραρτήματα</subfield>
  </datafield>
  <datafield tag="520" ind1=" " ind2=" ">
   <subfield code="a">Το σύγγραμμα αυτό απευθύνεται σε προπτυχιακούς φοιτητές που διδάσκονται θέματα ποσοτικών μεθόδων σε οικονομικά τμήματα Ανωτάτων Εκπαιδευτικών Ιδρυμάτων. Περιγράφει τις έννοιες του τόκου (απλού και σύνθετου), των επαναλαμβανόμενων πληρωμών (ράντες), των δανείων (τοκοχρεωλυτικών και ομολογιακών). Για κάθε έννοια περιγράφεται το περιεχόμενό της, η ανάγκη εφαρμογής της, ο μαθηματικός τύπος, καθώς και παραδείγματα με ασκήσεις εφαρμογής σε πραγματικές καταστάσεις. Μπορεί να χρησιμοποιηθεί από αναγνώστες μη εξοικειωμένους με τις αντίστοιχες έννοιες, οι οποίοι χωρίς να απαιτείται προηγούμενο υπόβαθρο, θα μπορούν να κατανοήσουν και να χρησιμοποιήσουν θεωρητικές και πρακτικές γνώσεις για τον τρόπο υπολογισμού:τόκουανατοκισμούγραμματίωνσυναλλαγματικώνράνταςαπλού δανείουομολογιακού δανείουΣτο σύγγραμμα περιέχεται μεγάλο πλήθος λυμένων παραδειγμάτων, καθώς και πλήθος άλυτων ασκήσεων για τις οποίες δίνονται οδηγίες αντιμετώπισης και λύσης τους.</subfield>
  </datafield>
  <datafield tag="650" ind1=" " ind2="0">
   <subfield code="a">Finance</subfield>
   <subfield code="x">Mathematical methods.</subfield>
   <subfield code="8">2076</subfield>
  </datafield>
  <datafield tag="653" ind1=" " ind2=" ">
   <subfield code="a">Ομολογιακό δάνειο</subfield>
  </datafield>
  <datafield tag="653" ind1=" " ind2=" ">
   <subfield code="a">Δάνειο</subfield>
  </datafield>
  <datafield tag="653" ind1=" " ind2=" ">
   <subfield code="a">Ράντα</subfield>
  </datafield>
  <datafield tag="653" ind1=" " ind2=" ">
   <subfield code="a">Ανατοκισμός</subfield>
  </datafield>
  <datafield tag="653" ind1=" " ind2=" ">
   <subfield code="a">Τόκος</subfield>
  </datafield>
  <datafield tag="653" ind1=" " ind2=" ">
   <subfield code="a">Οικονομικές επιστήμες</subfield>
   <subfield code="a">Μακροοικονομική και νομισματική οικονομική</subfield>
   <subfield code="a">Χρήμα και επιτόκια</subfield>
  </datafield>
  <datafield tag="653" ind1=" " ind2=" ">
   <subfield code="a">Οικονομικές επιστήμες</subfield>
   <subfield code="a">Μαθηματικές και ποσοτικές μέθοδοι</subfield>
   <subfield code="a">Μαθηματικές μέθοδοι, μοντέλα προγραμματισμού, μαθηματικά μοντέλα και μοντέλα προσομοίωσης</subfield>
  </datafield>
  <datafield tag="653" ind1=" " ind2=" ">
   <subfield code="a">Οικονομικές επιστήμες</subfield>
   <subfield code="a">Διοίκηση επιχειρήσεων και οικονομικά των επιχειρήσεων, μάρκετινγκ, λογιστική</subfield>
   <subfield code="a">Οικονομικά των επιχειρήσεων</subfield>
  </datafield>
  <datafield tag="700" ind1="1" ind2=" ">
   <subfield code="a">Αναστασιάδου, Σοφία</subfield>
   <subfield code="e">Κριτικός αναγνώστης</subfield>
   <subfield code="8">402</subfield>
  </datafield>
  <datafield tag="856" ind1="4" ind2="0">
   <subfield code="u">http://hdl.handle.net/11419/5066</subfield>
   <subfield code="z">Πλήρες Κείμενο - Full text</subfield>
  </datafield>
  <datafield tag="907" ind1=" " ind2=" ">
   <subfield code="a">.b25681084</subfield>
   <subfield code="b">12-06-18</subfield>
   <subfield code="c">29-07-16</subfield>
  </datafield>
  <datafield tag="949" ind1=" " ind2=" ">
   <subfield code="0">0</subfield>
   <subfield code="1">0</subfield>
   <subfield code="2">ddc</subfield>
   <subfield code="4">0</subfield>
   <subfield code="6">332_000000000000000_ΦΛΩ</subfield>
   <subfield code="7">0</subfield>
   <subfield code="8">KALL</subfield>
   <subfield code="8">867</subfield>
   <subfield code="d">2016-04-13</subfield>
   <subfield code="r">2016-04-13</subfield>
   <subfield code="w">2016-04-13</subfield>
   <subfield code="z">332 ΦΛΩ</subfield>
   <subfield code="o">SEAB KALLIPOS</subfield>
  </datafield>
  <datafield tag="998" ind1=" " ind2=" ">
   <subfield code="a">80</subfield>
   <subfield code="a">01</subfield>
   <subfield code="a">02</subfield>
   <subfield code="a">03</subfield>
   <subfield code="a">04</subfield>
   <subfield code="a">05</subfield>
   <subfield code="a">06</subfield>
   <subfield code="a">07</subfield>
   <subfield code="a">08</subfield>
   <subfield code="a">09</subfield>
   <subfield code="a">10</subfield>
   <subfield code="a">11</subfield>
   <subfield code="a">12</subfield>
   <subfield code="a">13</subfield>
   <subfield code="a">14</subfield>
   <subfield code="a">15</subfield>
   <subfield code="a">16</subfield>
   <subfield code="a">17</subfield>
   <subfield code="a">18</subfield>
   <subfield code="a">19</subfield>
   <subfield code="a">20</subfield>
   <subfield code="a">21</subfield>
   <subfield code="a">22</subfield>
   <subfield code="a">23</subfield>
   <subfield code="a">24</subfield>
   <subfield code="a">25</subfield>
   <subfield code="a">26</subfield>
   <subfield code="b">25-05-17</subfield>
   <subfield code="c">m</subfield>
   <subfield code="d">z  </subfield>
   <subfield code="e">-</subfield>
   <subfield code="f">gre</subfield>
   <subfield code="g">gr </subfield>
   <subfield code="h">0</subfield>
  </datafield>
  <datafield tag="942" ind1=" " ind2=" ">
   <subfield code="2">ddc</subfield>
   <subfield code="c">KALLIPOS</subfield>
  </datafield>
 </record>
</collection>
